Govt. of
Madhya Pradesh

Indian army chronicles of bravery awards (Record no. 69021)

MARC details
000 -LEADER
fixed length control field 00280nam a22001097a 4500
082 ## - DEWEY DECIMAL CLASSIFICATION NUMBER
Classification number 355/FRA
100 ## - MAIN ENTRY--AUTHOR NAME
Personal name Francis,j.
245 ## - TITLE STATEMENT
Title Indian army chronicles of bravery awards
260 ## - PUBLICATION, DISTRIBUTION, ETC. (IMPRINT)
Place of publication New Delhi
Name of publisher Vij books india pvt ltd
Year of publication 2022
650 ## - SUBJECT ADDED ENTRY--TOPICAL TERM
Topical Term Military science
942 ## - ADDED ENTRY ELEMENTS (KOHA)
Koha item type Books
Holdings
Withdrawn status Lost status Damaged status Not for loan Home library Current library Date acquired Cost, normal purchase price Full call number Accession Number Price effective from Koha item type
        MACL MACL 09/04/2026 1250.00 355/FRA CRE040450 09/04/2026 Books